Química

Saved in:
Bibliographic Details
Main Author: Chang, Raymond (Author)
Format: Book
Language:Spanish
Published: Ciudad de México McGraw-Hill 2010
Edition:10a. ed
Subjects:
Tags: Add Tag
No Tags, Be the first to tag this record!

MARC

LEADER 00000cam a2200000 a 4500
001 UCF9449
003 CL-VaPUC
008 131125e20100000mx |||||||||||||||||spa|d
020 |a 9786071503077 
082 0 4 |a 540  |b CHA  |2 21 
100 0 |a Chang, Raymond  |e author  |9 571756 
245 1 0 |a Química 
250 |a 10a. ed 
300 |a 1085 p 
942 |c BK 
945 |d 20131125 03:22:00  |a dcastane 
260 |a Ciudad de México  |b McGraw-Hill  |c 2010 
650 0 |a Química  |9 259896 
650 0 |a Átomos  |9 259583 
650 0 |a Reacciones químicas  |9 259438 
650 0 |a Propiedades químicas   |9 345805 
650 7 |a QUIMICA NUCLEAR  |2 CL-VaPUC  |9 571757 
583 |a last modification  |c 20131125 03:22:00  |k Rodrigo Vera 
999 |c 353892  |d 353890